TOP 10 comuni più popolosi delle Valli del Noce (Val di Sole+Non) - Statistics

Statistiche generali
  • Questo quiz è stato fatto 11 volte
  • Il punteggio medio è 7 su 10
Statistiche sulle risposte
Hint Risposta % Corretto
1.773 Vermiglio
100%
7.396 Cles
83%
2.284 Malé
83%
1.790 Peio/Pejo
83%
7.000 Predaia
83%
4.663 Ville d'Anaunia
83%
2.132 Dimaro Folgarida
50%
3.562 Novella
50%
1.517 Campodenno
33%
2.589 Borgo d'Anaunia
17%
Nessun quiz corrispondente trovato
Distribuzione punteggi
Percentuale di utenti per punteggio
Percentile per numero di risposta
I tuoi punteggi nel tempo
Non hai fatto questo quiz